| 000 | 01612nam0a2200349 4500 | ||
|---|---|---|---|
| 001 | RU\NLR\BIBL_A\022595084 | ||
| 005 | 20260420051544.0 | ||
| 010 |
_a978-5-4420-1186-9 _9550 |
||
| 021 |
_aRU _bКН-П-25-033986 _9КН-П-25-3358 |
||
| 035 | _a(NLR Aleph) 022595084 | ||
| 090 |
_a13680147 _c13680147 |
||
| 100 | _a20250801d2024 u y0rusy50 ca | ||
| 101 | 0 | _arus | |
| 102 | _aRU | ||
| 105 | _aac z 000yd | ||
| 181 | 0 |
_ai3 _baxxe |
|
| 181 | 0 |
_ab2 _bbb2e |
|
| 182 | 0 | _an | |
| 200 | 1 |
_aСаперы. Идущие впереди _eафганские дневники младшего сержанта _fВиктор Руденко |
|
| 203 |
_aТекст _aИзображение _bвизуальные _cнепосредственные |
||
| 210 |
_aВоронеж _cВоронежская областная типография _d2024 |
||
| 215 |
_a403 с. _cил., портр. _d22x22 |
||
| 300 | _aНа 4-й с. обл. авт.: Виктор Руденко - мл. сержант инж. войск, которого сослуживцы звали Рудиком | ||
| 320 | _aБиблиогр.: с. 401 (5 назв.) | ||
| 606 | 1 |
_aСапёры _jДневники _xУчастие в войне в Афганистане _z1979 - 1989 _92679778 _3RU\NLR\AUTH\6601760926 |
|
| 686 | 1 | _aЦ35(0)635.4-56,1-243,013 | |
| 700 | 1 |
_4070 _7ca _8rus _aРуденко _bВ. Г. _cжурналист, краевед _f1966- _gВиктор Григорьевич _964345 _3RU\NLR\AUTH\7781417 |
|
| 942 | _cBOOK | ||
| 980 | _aNB | ||